Home Print Resources E-Books E-Journals IIMT Lecture Series Library Membership Form Book Recommendation Form Campus Tour Take AdmissionAbout Us Contact Us

Experimental Pharmaceutical Chemistry for B Pharm and D Pharm Courses (Record no. 67346)

000 -LEADER
fixed length control field 00440nam a22001577a 4500
003 - CONTROL NUMBER IDENTIFIER
control field OSt
005 - DATE AND TIME OF LATEST TRANSACTION
control field 20260323095541.0
008 - FIXED-LENGTH DATA ELEMENTS--GENERAL INFORMATION
fixed length control field 260323b |||||||| |||| 00| 0 eng d
020 ## - INTERNATIONAL STANDARD BOOK NUMBER
International Standard Book Number 9788194898665
040 ## - CATALOGING SOURCE
Transcribing agency IIMT UNIVERSITY, MEERUT
100 ## - MAIN ENTRY--PERSONAL NAME
Personal name Anees Ahmad Siddiqui
245 ## - TITLE STATEMENT
Title Experimental Pharmaceutical Chemistry for B Pharm and D Pharm Courses
260 ## - PUBLICATION, DISTRIBUTION, ETC.
Place of publication, distribution, etc. NEW DELHI
Name of publisher, distributor, etc. CBS Publication
Date of publication, distribution, etc. 2013
300 ## - PHYSICAL DESCRIPTION
Extent 393
942 ## - ADDED ENTRY ELEMENTS (KOHA)
Source of classification or shelving scheme
Koha item type Text-Book- for 7 days
Holdings
Withdrawn status Lost status Source of classification or shelving scheme Damaged status Not for loan Home library Current library Date acquired Source of acquisition Inventory number Total Checkouts Barcode Date last seen Price effective from Koha item type
          IIMT SCHOOL OF PHARMACEUTICAL SCIENCES IIMT SCHOOL OF PHARMACEUTICAL SCIENCES 03/23/2026 R.LALL BOOK DEPOT GD/IN/383, 10/03/2026   27-B-2162 03/23/2026 03/23/2026 Text-Book- for 7 days
IIMT, Central Library. All Rights Reserved IIMT,UNIVERSITY © 2023
Implemented and Customised by I CLOUDE EMS
You Are OPAC Visitor No
free web counter

Powered by Koha